Spazio Pollock (Lo) (Record n. 78320)
[ formato base ]
| 000 -LEADER | |
|---|---|
| fixed length control field | 01523nam a2200289Ia 4500 |
| 001 - CONTROL NUMBER | |
| control field | H5674 |
| 003 - CONTROL NUMBER IDENTIFIER | |
| control field | IT-RoPAU |
| 008 - FIXED-LENGTH DATA ELEMENTS--GENERAL INFORMATION | |
| fixed length control field | 130308s9999 xx 000 0 und d |
| 040 ## - CATALOGING SOURCE | |
| Original cataloging agency | IT-RoPAU |
| 040 ## - CATALOGING SOURCE | |
| Transcribing agency | IT-RoPAU |
| 041 ## - LANGUAGE CODE | |
| Language code of text/sound track or separate title | ITALIANO |
| 100 ## - MAIN ENTRY--PERSONAL NAME | |
| Personal name | Marin Louis |
| 100 ## - MAIN ENTRY--PERSONAL NAME | |
| Miscellaneous information | Codice Aut. SPICS: 10596 |
| 245 ## - TITLE STATEMENT | |
| Title | Spazio Pollock (Lo) |
| 245 ## - TITLE STATEMENT | |
| Remainder of title | Semiotiche della Pittura. I Classici. Le Ricerche |
| 250 ## - EDITION STATEMENT | |
| Edition statement | 1a ed. |
| 260 ## - PUBLICATION, DISTRIBUTION, ETC. (IMPRINT) | |
| Place of publication, distribution, etc. | ROMA |
| 260 ## - PUBLICATION, DISTRIBUTION, ETC. (IMPRINT) | |
| Name of publisher, distributor, etc. | Meltemi |
| 260 ## - PUBLICATION, DISTRIBUTION, ETC. (IMPRINT) | |
| Date of publication, distribution, etc. | 2004 [1° Ed.:2004 - Ed.Ling.Originale:2004] |
| 300 ## - PHYSICAL DESCRIPTION | |
| Extent | "18 p. (prefazione: no ; testo: 18 [pagine: 207-224])" |
| 500 ## - GENERAL NOTE | |
| General note | Ruolo di Pollock nella Storia e nella Teoria dell'arte Contemporanea. Lettura del Quadro. Rivoluzione Dello Spazio Pollock. I 3 spazi di Pollock. Segni, Marche e Tracce. Spazio del Riguardante, Spazio del Quadro, Spazio della Pittura. Alla Ricerca di 1 Luogo X Lo Sguardo. Movimento indotto Nello Spettatore. posizione U topica. Visione da Vicino e Visione da Lontano. riconquista della Tela e del Piano. Autonomia del pittore e Autonomia della Pittura. Dripping Come Disegno di Pittura. Linea Come Traccia. Intreccio delle Tracce. Tela nella Sua Materialità di Supporto. Spazio Interstiziale. Dispositivo Cromatico. Architettura del Ritmo.Spazio del Bordo. Concezione Classica della Cornice. Perdita della Gravità. Accidente e Il Caso. 1 Casualità Calcolata. Due Presenti dell'Opera. |
| 650 ## - SUBJECT ADDED ENTRY--TOPICAL TERM | |
| Topical term or geographic name as entry element | SEMIOLOGIA |
| 650 ## - SUBJECT ADDED ENTRY--TOPICAL TERM | |
| Relator term | Codice materia Spics: 3251 |
| 942 ## - ADDED ENTRY ELEMENTS (KOHA) | |
| Koha item type | LIBRO |
| 957 ## - | |
| -- | 1 |
| 999 ## - SYSTEM CONTROL NUMBERS (KOHA) | |
| -- | 1 |
| Withdrawn status | Lost status | Damaged status | Not for loan | Home library | Current library | Date acquired | Total Checkouts | Full call number | Date last seen | Price effective from | Koha item type | Public note |
|---|---|---|---|---|---|---|---|---|---|---|---|---|
| Buone Condizioni | Not For Loan | SPICS-MEDIATECA | SPICS-MEDIATECA | 08/03/2013 | H5674 | 08/03/2013 | 08/03/2013 | LIBRO | Progressivo inserimento: 6052 / N. Volumi: 0 [=Contributo] Copie: 1 / data import: 1 marzo 2013 - By Epidotti, Trombetti, Vaglietti. |